<?xml version="1.0" encoding="UTF-8"?>
<record
    xmlns:xsi="http://www.w3.org/2001/XMLSchema-instance"
    xsi:schemaLocation="http://www.loc.gov/MARC21/slim http://www.loc.gov/standards/marcxml/schema/MARC21slim.xsd"
    xmlns="http://www.loc.gov/MARC21/slim">

  <leader>04897nam a2200469Ia 4500</leader>
  <controlfield tag="001">dia_4765</controlfield>
  <controlfield tag="003">CHAP</controlfield>
  <controlfield tag="005">20241118134355.0</controlfield>
  <controlfield tag="007">ta</controlfield>
  <controlfield tag="008">220117s2010    mx adeofrm    001 0 spa d</controlfield>
  <datafield tag="010" ind1=" " ind2=" ">
    <subfield code="a">175522</subfield>
  </datafield>
  <datafield tag="040" ind1=" " ind2=" ">
    <subfield code="c">CHAP</subfield>
    <subfield code="a">mxchpua</subfield>
    <subfield code="e">rda</subfield>
  </datafield>
  <datafield tag="041" ind1="0" ind2=" ">
    <subfield code="a">spa</subfield>
    <subfield code="b">eng</subfield>
  </datafield>
  <datafield tag="090" ind1=" " ind2=" ">
    <subfield code="a">Tesis </subfield>
    <subfield code="b">S55 </subfield>
    <subfield code="c">2010</subfield>
  </datafield>
  <datafield tag="100" ind1="1" ind2=" ">
    <subfield code="a">Silva Mu&#xF1;oz, L&#xED;a</subfield>
  </datafield>
  <datafield tag="245" ind1="1" ind2="0">
    <subfield code="a">Pasteurizaci&#xF3;n del sustrato para la producci&#xF3;n de hongos Seta (Pleurotus spp.) mediante el uso de eneg&#xED;a solar /</subfield>
    <subfield code="c">L&#xED;a Silva Mu&#xF1;oz</subfield>
  </datafield>
  <datafield tag="264" ind1=" " ind2=" ">
    <subfield code="a">Chapingo, M&#xE9;xico :</subfield>
    <subfield code="b">El autor,</subfield>
    <subfield code="c">2010</subfield>
  </datafield>
  <datafield tag="300" ind1=" " ind2=" ">
    <subfield code="a">90 hojas :</subfield>
    <subfield code="b">ilustraciones, gr&#xE1;ficas, diagramas, tablas, fotos, planos +</subfield>
    <subfield code="e">1 CD-ROM</subfield>
  </datafield>
  <datafield tag="336" ind1=" " ind2=" ">
    <subfield code="2">rdacontent</subfield>
    <subfield code="a">texto</subfield>
    <subfield code="b">txt</subfield>
  </datafield>
  <datafield tag="337" ind1=" " ind2=" ">
    <subfield code="2">rdamedia</subfield>
    <subfield code="a">no mediado</subfield>
    <subfield code="b">n</subfield>
  </datafield>
  <datafield tag="338" ind1=" " ind2=" ">
    <subfield code="2">rdacarrier</subfield>
    <subfield code="a">volumen</subfield>
    <subfield code="b">nc</subfield>
  </datafield>
  <datafield tag="500" ind1=" " ind2=" ">
    <subfield code="a">El CD contiene el reporte</subfield>
  </datafield>
  <datafield tag="502" ind1=" " ind2=" ">
    <subfield code="a">Tesis </subfield>
    <subfield code="b">(Ingeniero Agroindustrial) -- </subfield>
    <subfield code="c">UACh. Departamento de Ingenier&#xED;a Agroindustrial, </subfield>
    <subfield code="d">2010</subfield>
  </datafield>
  <datafield tag="504" ind1=" " ind2=" ">
    <subfield code="a">Bibliograf&#xED;a: hojas 88-91</subfield>
  </datafield>
  <datafield tag="505" ind1="0" ind2=" ">
    <subfield code="a">1 plano: --
1. Plano de equipo solar (Esc. 1:100)</subfield>
  </datafield>
  <datafield tag="520" ind1="3" ind2=" ">
    <subfield code="a">En el cultivo de hongos comestibles existen diferentes m&#xE9;todos de esterilizaci&#xF3;n del sustrato para su producci&#xF3;n, como son el uso de per&#xF3;xido de hidr&#xF3;geno, agua alcalinizada y agua caliente, &#xE9;ste &#xFA;ltimo es el m&#xE1;s usado debido a su eficiencia, ya sea utilizando le&#xF1;a o gas L.P. Por lo tanto uno de los problemas que se presentan para los peque&#xF1;os y medianos productores es el elevado costo del gas L.P que utilizan para dicha esterilizaci&#xF3;n y en consecuencia aumentan la emisi&#xF3;n de gases da&#xF1;inos para la conservaci&#xF3;n del medio ambiente. Debido a esto en este trabajo se propuso el uso de energ&#xED;as alternativas utilizando colectores solares para el elevar el agua a temperaturas donde los pat&#xF3;genos son eliminados y as&#xED; realizar una pasteurizaci&#xF3;n adecuada de dicho sustrato. En el an&#xE1;lisis del proceso de pasteurizaci&#xF3;n del sustrato se observaron las siguientes variables: temperaturas del proceso de pasteurizaci&#xF3;n, tiempos de los procesos de pasteurizaci&#xF3;n, temperaturas de incubaci&#xF3;n y de fructificaci&#xF3;n, contaminaci&#xF3;n del sustrato, gasto de agua, porcentaje de humedad del sustrato, rendimientos de producci&#xF3;n, plagas y enfermedades del cultivo, costos de los procesos de pasteurizaci&#xF3;n con gas L.P y energ&#xED;a solar, realiz&#xE1;ndose una repetici&#xF3;n de &#xE9;sta &#xFA;ltima. Y finalmente se propuso un modelo de la instalaci&#xF3;n del equipo solar en el &#xE1;rea de pasteurizaci&#xF3;n en una Planta Productora de Hongos Seta "Niebla"; comparando as&#xED; los costos de inversi&#xF3;n de los colectores solares y del consumo actual de gas L.P de dicha empresa y el tiempo de recuperaci&#xF3;n de &#xE9;stos costos. --</subfield>
  </datafield>
  <datafield tag="520" ind1="3" ind2=" ">
    <subfield code="a">In the cultivation of edible mushrooms, growers use different methods of sterilization for the substrate (wheat husk) for mushroom's production, some of these methods include the use of hydrogen peroxide, and alkalinized water/hot water. This last one is the most widely used due to its efficiency, either using firewood or gas L.P. Therefore, one of the problems that arise for small and medium-sized producers is the high cost of gas L.P that it is used for the sterilization; consequently, it increases the emission of harmful gases into the environment. Because of the high levels of pollution generated by harmful gases, alternative methods are proposed in this paper such as using solar collectors to raise the temperature of water to temperatures where pathogens are eliminated and thus perform a proper pasteurization of the substrate. The following variables were observed in the analysis of the process of pasteurization of the substrate: the temperatures of the pasteurization process, time of the process of pasteurization and fruiting, contamination of the substrate, incubation temperatures, water expenses, percentage of moisture in substrate, production achievements, pests of crops, and expenses of pasteurization process using gas L.P vs. solar pasteurization which was analyzed repeatedly. Finally, this paper will compare the expenses of gas LP and recovery cost vs. a solar system installation by using as an example the installation of solar collectors in the pasteurization area of the mushrooms-factory, "Niebla".</subfield>
  </datafield>
  <datafield tag="650" ind1="1" ind2="3">
    <subfield code="a">Energ&#xED;a solar  </subfield>
    <subfield code="2">atg</subfield>
  </datafield>
  <datafield tag="650" ind1="1" ind2="3">
    <subfield code="a">Hongos comestibles  </subfield>
    <subfield code="2">atg</subfield>
  </datafield>
  <datafield tag="650" ind1="1" ind2="3">
    <subfield code="a">Sustratos de crecimiento</subfield>
    <subfield code="x">Pasteurizaci&#xF3;n  </subfield>
    <subfield code="2">atg</subfield>
  </datafield>
  <datafield tag="650" ind1="1" ind2="3">
    <subfield code="a">Edible fungi  </subfield>
    <subfield code="2">atg</subfield>
  </datafield>
  <datafield tag="650" ind1="1" ind2="3">
    <subfield code="a">Growing media</subfield>
    <subfield code="x">Pasteurization  </subfield>
    <subfield code="2">atg</subfield>
  </datafield>
  <datafield tag="650" ind1="1" ind2="3">
    <subfield code="a">Solar energy</subfield>
    <subfield code="2">atg</subfield>
  </datafield>
  <datafield tag="700" ind1="1" ind2=" ">
    <subfield code="a">Mart&#xED;nez Romero, Salvador</subfield>
    <subfield code="e">director</subfield>
  </datafield>
  <datafield tag="700" ind1="1" ind2=" ">
    <subfield code="a">P&#xE9;rez God&#xED;nez, Edmundo Arturo</subfield>
    <subfield code="e">asesor</subfield>
  </datafield>
  <datafield tag="700" ind1="1" ind2=" ">
    <subfield code="a">Res&#xE9;ndiz Cantera, Omar</subfield>
    <subfield code="e">asesor</subfield>
  </datafield>
  <datafield tag="856" ind1="4" ind2="1">
    <subfield code="u">http://10.13.5.2/tesis/114064.PDF</subfield>
    <subfield code="y">DESCARGAR PDF</subfield>
  </datafield>
  <datafield tag="901" ind1=" " ind2=" ">
    <subfield code="a">TESIS S55 2010</subfield>
  </datafield>
  <datafield tag="902" ind1=" " ind2=" ">
    <subfield code="a">M</subfield>
  </datafield>
  <datafield tag="905" ind1=" " ind2=" ">
    <subfield code="a">5232272010                          mx amnl8223223322spa16</subfield>
  </datafield>
  <datafield tag="942" ind1=" " ind2=" ">
    <subfield code="c">TESIS</subfield>
    <subfield code="2">Clasificaci&#xF3;n Universidad Aut&#xF3;noma Chapingo</subfield>
  </datafield>
  <datafield tag="999" ind1=" " ind2=" ">
    <subfield code="c">175522</subfield>
    <subfield code="d">175522</subfield>
  </datafield>
  <datafield tag="952" ind1=" " ind2=" ">
    <subfield code="0">0</subfield>
    <subfield code="1">0</subfield>
    <subfield code="2">local</subfield>
    <subfield code="4">0</subfield>
    <subfield code="5">5</subfield>
    <subfield code="7">0</subfield>
    <subfield code="8">TESIS</subfield>
    <subfield code="a">IA_</subfield>
    <subfield code="b">IA_</subfield>
    <subfield code="d">2022-01-18</subfield>
    <subfield code="e">El autor</subfield>
    <subfield code="l">1</subfield>
    <subfield code="o">Tesis S55 2010</subfield>
    <subfield code="p">1101010779</subfield>
    <subfield code="r">2026-02-02 00:00:00</subfield>
    <subfield code="s">2024-11-14</subfield>
    <subfield code="t">Ej. 2</subfield>
    <subfield code="w">2022-01-18</subfield>
    <subfield code="y">TESIS</subfield>
  </datafield>
  <datafield tag="952" ind1=" " ind2=" ">
    <subfield code="0">0</subfield>
    <subfield code="1">0</subfield>
    <subfield code="2">local</subfield>
    <subfield code="4">0</subfield>
    <subfield code="5">1</subfield>
    <subfield code="7">0</subfield>
    <subfield code="8">TESIS</subfield>
    <subfield code="a">IA_</subfield>
    <subfield code="b">IA_</subfield>
    <subfield code="d">2022-01-18</subfield>
    <subfield code="e">El autor</subfield>
    <subfield code="l">0</subfield>
    <subfield code="o">Tesis S55 2010</subfield>
    <subfield code="p">1101006258</subfield>
    <subfield code="r">2026-02-02 00:00:00</subfield>
    <subfield code="t">Ej. 1</subfield>
    <subfield code="w">2022-01-18</subfield>
    <subfield code="y">TESIS</subfield>
  </datafield>
  <datafield tag="952" ind1=" " ind2=" ">
    <subfield code="0">0</subfield>
    <subfield code="1">0</subfield>
    <subfield code="2">local</subfield>
    <subfield code="4">0</subfield>
    <subfield code="5">5</subfield>
    <subfield code="7">0</subfield>
    <subfield code="8">TESIS</subfield>
    <subfield code="a">IA_</subfield>
    <subfield code="b">IA_</subfield>
    <subfield code="d">2022-01-18</subfield>
    <subfield code="e">El autor</subfield>
    <subfield code="l">1</subfield>
    <subfield code="o">Tesis S55 2010</subfield>
    <subfield code="p">1101006259</subfield>
    <subfield code="r">2024-11-14 17:09:45</subfield>
    <subfield code="s">2024-11-14</subfield>
    <subfield code="t">Ej. 4</subfield>
    <subfield code="w">2022-01-18</subfield>
    <subfield code="y">CD</subfield>
  </datafield>
  <datafield tag="952" ind1=" " ind2=" ">
    <subfield code="0">0</subfield>
    <subfield code="1">0</subfield>
    <subfield code="2">local</subfield>
    <subfield code="4">0</subfield>
    <subfield code="5">1</subfield>
    <subfield code="7">0</subfield>
    <subfield code="8">TESIS</subfield>
    <subfield code="a">IA_</subfield>
    <subfield code="b">IA_</subfield>
    <subfield code="d">2022-01-18</subfield>
    <subfield code="e">El autor</subfield>
    <subfield code="l">0</subfield>
    <subfield code="o">Tesis S55 2010</subfield>
    <subfield code="p">1101006260</subfield>
    <subfield code="r">2022-01-18 00:00:00</subfield>
    <subfield code="t">Ej. 3</subfield>
    <subfield code="w">2022-01-18</subfield>
    <subfield code="y">CD</subfield>
  </datafield>
  <datafield tag="952" ind1=" " ind2=" ">
    <subfield code="0">0</subfield>
    <subfield code="1">0</subfield>
    <subfield code="2">local</subfield>
    <subfield code="4">0</subfield>
    <subfield code="7">0</subfield>
    <subfield code="8">TesDigL</subfield>
    <subfield code="a">IA_</subfield>
    <subfield code="b">IA_</subfield>
    <subfield code="c">E_L</subfield>
    <subfield code="d">2024-11-04</subfield>
    <subfield code="e">El autor</subfield>
    <subfield code="l">0</subfield>
    <subfield code="p">1201006258</subfield>
    <subfield code="r">2024-11-04 17:56:28</subfield>
    <subfield code="w">2024-11-04</subfield>
    <subfield code="y">TD</subfield>
  </datafield>
</record>
